000 00656nam a22002057a 4500
999 _c180146
_d180146
005 20210726163137.0
010 _aB-740641
020 _c745.00
_a9788193887561
035 _aB-740641
037 _bGift
082 _a596
100 _aKotpal, R.L.
245 _aModern textbook of zoology vertebrates:
_banimal diversity-II /
_cby R.L. Kotpal
250 _a5th ed.
260 _aMeerut
_bRastogi Publications
_c2020
270 _a'Gangotri' Shivaji Road
_bMeerut
_e250002
300 _axx, 948p.:
_bill.
_c24cm(pbk)
942 _2ddc
_cEN
_mKOT
_h596